| 000 | 00607cam a22002051 4500 | ||
|---|---|---|---|
| 001 | 10288803 | ||
| 003 | DO-SdBNP | ||
| 005 | 20220225124352.0 | ||
| 008 | 801114s1958 sp a 000 0 spa | ||
| 040 |
_aBPMSU _bspa _cBPMSU |
||
| 082 |
_a868.6 _bC591L1958 _222 |
||
| 100 | 1 |
_aClarasó, Noel, _d1902-1985. |
|
| 245 | 1 | 3 |
_aEl libro de la vida agradable / _cNoel Clarasó |
| 260 |
_aBarcelona, _bAymá, _c1958 |
||
| 300 |
_a ix-xii, 3-508 p. : _billus., ; _c25 cm. |
||
| 590 | _6inventariado, 2022/VM | ||
| 650 | 4 |
_aLiteratura española _vColecciones de escritos. |
|
| 910 | _aVMateo V. | ||
| 942 |
_2ddc _cBK |
||
| 999 |
_c14046 _d14046 |
||